| 000 | 00734nam a22002297a 4500 | ||
|---|---|---|---|
| 999 |
_c5906 _d5906 |
||
| 003 | AR-CdUCM | ||
| 008 | 190313b ||||| |||| 00| 0 spa d | ||
| 040 |
_aMUNICIPALIDAD PROVINCIAL DEL CUSCO _cBIBLIOTECA MUNICIPAL DEL CUSCO |
||
| 082 |
_a869.56 / _bC52 |
||
| 100 |
_aChanove, Oswaldo _917396 |
||
| 245 | _aEl Héroe y su Relación con la Heroína / | ||
| 260 |
_aLima : _bPropaceb ; _c1983. |
||
| 300 |
_a53 páginas ; _c20cm |
||
| 440 |
_aColección Macho Cabrío _n2 _917397 |
||
| 500 | _aColaboración de la familia Nieto | ||
| 505 | _aContenido: Poesía | ||
| 650 |
_aPoesía peruana _911982 |
||
| 650 |
_aLiteratura peruana _9169 |
||
| 700 |
_aOmnibus / Libro de Poesía _917398 |
||
| 942 |
_2ddc _cLIBROS |
||
| 945 | _anom | ||